| 000 | 00907nam0a22002531 4500 | ||
|---|---|---|---|
| 001 | rc\407966 | ||
| 005 | 20030616165949.2 | ||
| 035 | _a(NLR Aleph) 005656155 | ||
| 090 |
_a6823925 _c6823925 |
||
| 100 | _a20030616d1988 u |0rusy50 ca | ||
| 101 | 0 | _arus | |
| 102 | _aRU | ||
| 105 | _aa ||||||||| | ||
| 200 | 1 |
_aМелиорация и водное хозяйство Великобритании _e(Обзор) _fМ-во мелиорации и вод. хоз-ва СССР |
|
| 210 |
_aМ. _cЦБНТИ Минводхоза СССР _d1988 |
||
| 215 |
_a85, [1] с. _cил., карт. _d21 |
||
| 320 | _aБиблиогр.: с. 81-84 | ||
| 700 | 1 |
_aАлексанкин _bА. В. _gАлександр Васильевич |
|
| 701 | 1 |
_aМаслов _bБ. С. _gБорис Степанович |
|
| 801 | 0 |
_aRU _bNLR _gpsbo |
|
| 801 | 1 |
_aRU _bELAR _2rusmarc |
|
| 852 |
_aNLR _j88-4/10771 |
||
| 942 | _cBOOK | ||
| 980 | _aNB | ||